000
00330nam a22001457a 4500
008
231004b ||||| |||| 00| 0 eng d
020
_a
0471817511
041
_a
eng
080
_a
53
082
_a
53JOR
100
_a
23
101
_a
MATE
245
_a
QUANTUM MECHANICS IN SIMPLE MATRIX FROM
_c
JORDAN .E.TH
942
_2
udc
_c
BK
999
_c
60418
_d
60418